000 00573nam a22001938a 4500
999 _c195679
_d195679
005 20230417154240.0
008 090417s2009 ii 000 0 eng
010 _aENG-136698
020 _a9788125036876
_c375.00
035 _aEN-120230
037 _bDBAD/PUB
082 _aN
100 _aNataraja, Malar
245 _aAtlantic Affection/
_cby Malar Nataraja
260 _aChennai
_bEmerald
_c2019
270 _a15A, First Floor, Casa Major Road Egmore
_bChennai
_e6000008
_minfo@emerladpublishers.com
300 _a444p.:
_c18cm(pbk)
942 _2ddc
_cEN
_hN
_mNAT